Doigts de Métal - Ultra Vomit - Statistiques

Statistiques générales
  • Ce quiz a été pris 35 fois
  • Le résultat moyen est 254 sur 364
Statistiques - réponses
Mots % Correct
Le
100%
le
100%
à
96%
de
96%
métal
96%
metal,
96%
et
93%
Et
93%
les...ROOOOOOOOOOOOOOOOOOOOOOOO !
93%
les...ROOOOOOOOOOOOOOOOOOOOO...slurp.
93%
ma
93%
doigts
89%
doigts,
89%
en
89%
En
89%
les
89%
Les
89%
Avec
86%
ciel.
86%
ciel,
86%
je
86%
levé
86%
Lève
86%
lève
86%
métalleux
86%
pouce
86%
vers
86%
airs.
82%
cru
82%
dans
82%
gens
82%
la
82%
nounours.
82%
que
82%
ta
82%
toujours
82%
un
82%
bizarres.
79%
c'est
79%
C'est
79%
des
79%
gros
79%
J'ai
79%
j'ai
79%
majeur
79%
noir.
79%
pas
79%
étaient
75%
L'index
75%
tout
75%
Tout
75%
grand-mère.
71%
juste
71%
L'auriculaire
71%
l'auriculaire
71%
mal
71%
mouche.
71%
une
71%
bière.
68%
boire
68%
habillés
68%
l'annulaire.
68%
max
68%
mort
68%
tête
68%
ferait
64%
genre
64%
leurs
64%
Mais
64%
Pantera.
64%
qui
64%
sacrifier
64%
Santé !
64%
son
64%
droit
61%
Gojira
61%
pass,
61%
pour
61%
sorti
61%
sur
61%
t'inquiète
61%
bon
57%
du
57%
écoutant
57%
enfers.
57%
ils
57%
mon
57%
passer
57%
sont
57%
tattoos
57%
temps
57%
chante,
54%
danse.
54%
fair,
54%
gras
54%
jeu
54%
monde
54%
préhensile
54%
comme
50%
personne
50%
si
50%
simple
50%
tu
50%
venus
50%
Alors
46%
au
46%
comment
46%
d'enfer.
46%
d'enfer,
46%
sais
46%
Mélange
43%
OK
43%
pincé
43%
plus
43%
pris
43%
Slayer
43%
faire,
39%
groove
39%
pentagramme.
39%
regarde.
39%
regarde,
39%
vient
39%
batterie,
36%
d'AC
36%
DC
36%
faite
36%
Fred
36%
j'écoute
36%
J'espère
36%
KISS
36%
prise.
36%
rap,
36%
rien.
36%
saute,
36%
comprend
32%
j'quitte
32%
l'acidité
32%
Putain,
32%
qu'une
32%
Rajoute
32%
sucré
32%
J'fais
29%
Orelfest,
29%
pinte
29%
t'enregistres.
29%
pogos,
25%
riffs
25%
shaker.
25%
trash,
25%
fosse,
21%
secoue
21%
voir
21%
death.
18%
gratte
18%
J'kiffe
18%
j'suis
18%
Mh,
14%
of
14%
vieille
14%
vos
14%
Aller
11%
branche
11%
crashs.
11%
hein.
11%
J'veux
11%
l'apéro,
11%
walls
11%
veste
7%
Loire-Atlantique.
4%
Queshua,
4%
slams,
4%
Basse-Normandie.
0%
jonxter
0%
l'intexe
0%
patch,
0%
pousse
0%
Aucun quiz correspondant
Distribution des résultats
% des personnes avec chaque résultat
Percentile par nombre de réponses
Votre historique - résultats
Vous n’avez pas pris ce quiz